000 01578cam a22004814i 4500
003 PE-LiUPU
005 20250812105843.0
008 150625s r 000 0 d
035 _a(Sirsi) a30985
040 _aPE-LiUPU
_bspa
_cPE-LiUPU
_erda
082 0 4 _a231.765
_bW581e
_221
100 1 _aWhitcomb, Norma A.,
_eautor.
245 1 0 _aEsos dinosaurios misteriosos :
_bun estudio bíblico para niños sus padres y sus maestros /
_cNorma A. Whitcomb.
264 1 _aGrand Rapids, MI :
_bPortavoz,
_c1993.
300 _a127 páginas :
_bilustraciones ;
_c20 cm
336 _atext
_2rdacontent
337 _aunmediated
_2rdamedia
338 _avolume
_2rdacarrier
505 _aIntroducción a los dinosaurios -- Diferentes tipos de dinosaurios -- Los dinosaurios antes del diluvio -- Los dinosaurios y el gran diluvio -- El fin de los dinosaurios.
526 _aSEG44
526 _aSEG26
526 _aP159
526 _aP155
526 _aP154
526 _aP153
526 _aP150
526 _aP100
526 _aP31
526 _aP30
526 _aP26
526 _aP25
526 _aP24
526 _aP22
526 _aP15
526 _aP10
650 1 4 _aDinosaurios
_xAspectos religiosos
_xCristianismo.
_96527
650 2 4 _aCreacionismo.
_9228
650 2 4 _aDiluvio universal
_91535
942 _2ddc
_cBK
949 _a568.1 W55
_wDEWEY
_c1
_i38484
_lCCODEBUL1
_mBUL
_p00.00
_r0
_sY
_tBOOK
_u2015-06-25
_xBIBLIOTECA
_zUNKNOWN
_0COMPRA
_o.STAFF. Colección General
980 _818226
_gJaime Vilcazán Jefe de Análisis Documental
999 _c38488
_d38488